An Introduction to the Pronunciation of English. (Record no. 1231)
[ view plain ]
| 000 -LEADER | |
|---|---|
| fixed length control field | 00393nam a22001217a 4500 |
| 005 - DATE AND TIME OF LATEST TRANSACTION | |
| control field | 20200826142001.0 |
| 008 - FIXED-LENGTH DATA ELEMENTS--GENERAL INFORMATION | |
| fixed length control field | 200826b ||||| |||| 00| 0 eng d |
| 020 ## - INTERNATIONAL STANDARD BOOK NUMBER | |
| International Standard Book Number | 0713162899 |
| 040 ## - CATALOGING SOURCE | |
| Transcribing agency | CML |
| 245 ## - TITLE STATEMENT | |
| Title | An Introduction to the Pronunciation of English. |
| Statement of responsibility, etc. | Gimson, A.C. |
| 260 ## - PUBLICATION, DISTRIBUTION, ETC. | |
| Place of publication, distribution, etc. | London |
| Name of publisher, distributor, etc. | Edward Arnold (Publishers) Ltd |
| Date of publication, distribution, etc. | 1980 |
| 942 ## - ADDED ENTRY ELEMENTS (KOHA) | |
| Source of classification or shelving scheme | Dewey Decimal Classification |
| Koha item type | Books |
| Edition | 3rd Edition |
| Classification part | 421.52 |
| Call number suffix | GIM |
| Withdrawn status | Lost status | Source of classification or shelving scheme | Damaged status | Not for loan | Collection code | Home library | Current library | Shelving location | Date acquired | Total Checkouts | Full call number | Date last seen | Copy number | Price effective from | Koha item type |
|---|---|---|---|---|---|---|---|---|---|---|---|---|---|---|---|
| Dewey Decimal Classification | Language | Chalimbana Main Library | Chalimbana Main Library | Language | 08/26/2020 | 421.52 GIM | 08/26/2020 | 1 | 08/26/2020 | Books |